[Event "Rheinhausen-ch 19th"]
[Site "Duisburg Rheinhausen"]
[Date "2015.01.09"]
[Round "1"]
[White "Hauffe, Frank"]
[Black "Moseler, Yasmin"]
[Result "1-0"]
[WhiteElo "1609"]
[BlackElo "1086"]
[PlyCount "41"]
[EventDate "2015.01.09"]
[EventType "swiss"]
[EventRounds "7"]
[EventCountry "GER"]
[SourceTitle "EXT 2018"]
[Source "ChessBase"]
[SourceDate "2017.10.13"]
[SourceVersion "1"]
[SourceVersionDate "2017.10.13"]
[SourceQuality "1"]

1. d4 d5 2. Nf3 Nf6 3. e3 Nc6 4. c3 e6 5. Bd3 Bd6 6. Nbd2 e5 7. e4 Bg4 8. 0-0 exd4 9. exd5 Nxd5 10. Re1+ Nde7 11. cxd4 Nxd4 12. Qa4+ c6 13. Qxd4 Bxf3 14. Nxf3 0-0 15. Bd2 b6 16. Bc3 f6 17. Qe4 g6 18. Bc4+ Kg7 19. Ng5 Qd7 20. Ne6+ Kf7 21. Nc5+ 1-0